| 000 | 00378nam a2200133Ia 4500 | ||
|---|---|---|---|
| 008 | 191206s9999 xx 000 0 und d | ||
| 020 | _a1420825585 (sc : alk | ||
| 090 | _aBL65.155C49 | ||
| 245 | 0 | _aFaith based diplomacy: the challenge to development | |
| 260 | _aAuthorHouse | ||
| 260 | _cc2005 | ||
| 300 | _a"xxvi, 158 p. : ill., 1 map ; 24 cm." | ||
| 999 |
_c15949 _d15949 |
||